000 00827nas a2200277 454500
001 IICA0700925
003 BR-BrBNA
005 20260323111552.0
007 ta
008 260323b bl.|||p| |||| 00| 00por d
040 _aBR-BrBNA
_bpor
_cBiblioteca Nacional de Agricultura
041 _a(Es)
072 _aF62
100 1 _aEllis, M.A.
100 1 _aGálvez-E, G.E.
100 1 _aSinclair, J.B.
245 1 _aEfecto de tres fungicidas sobre la germinación de semilla infectada de frijol (Phaseolus vulgaris)
300 _av. 26(4) p. 399-402
650 _aFEIJAO
650 _aPHASEOLUS VULGARIS
650 _aFUNGICIDA
650 _aGERMINACAO
773 0 _tTURRIALBA (IICA)
_X0041-4360
_g(Oct-Dec 1976), v. 26(4) p. 399-402
_wIICA0700925
909 _a202603
_bLúcia
_c55
_dLúcia Elande
942 _2IICA
_n0
_cANA
999 _c340909
_d340909